MESTSKÁ KNIŽNICA GIRALTOVCE  - online katalóg 

Normal view MARC view

Entry Corporate Name

Number of records used in: 1

001 - CONTROL NUMBER

  • control field: 3177

003 - CONTROL NUMBER IDENTIFIER

  • control field: OSt

005 - DATE AND TIME OF LATEST TRANSACTION

  • control field: 20220708132714.0

008 - FIXED-LENGTH DATA ELEMENTS

  • fixed length control field: 220708|| aca||aabn | a|a d

040 ## - CATALOGING SOURCE

  • Original cataloging agency: OSt
  • Transcribing agency: OSt

110 ## - HEADING--CORPORATE NAME

  • Corporate name or jurisdiction name as entry element: Matica slovenská (Martin, Slovensko)

670 ## - SOURCE DATA FOUND

  • Source citation: Work cat.: (OSt)0: Eliáš, Michal, 1934- 3176, Zlatá kniha Matice slovenskej, 2008

Powered by Koha